Sports Quiz

Random Sports or Baseball Quiz

MLB Top 10 HR/SB Since 2005 Quiz Stats

 Plays Quiz not verified by Sporcle

Score 0/297 Timer 20:00
0 Plays Today
Year Player % Correct
2014 HRGiancarlo Stanton
96.9%
2012 HRGiancarlo Stanton
96.9%
2011 HRGiancarlo Stanton
96.9%
2017 HRGiancarlo Stanton
96.9%
2017 HRAaron Judge
96.9%
2018 HRGiancarlo Stanton
96.9%
2015 HRChris Davis
95.3%
2014 SBRajai Davis
95.3%
2013 HRChris Davis
95.3%
2013 SBRajai Davis
95.3%
2012 SBRajai Davis
95.3%
2010 SBRajai Davis
95.3%
2009 SBRajai Davis
95.3%
2016 SBRajai Davis
95.3%
2016 HRKhris Davis
95.3%
2017 SBRajai Davis
95.3%
2017 HRKhris Davis
95.3%
2018 HRKhris Davis
95.3%
2015 HRAlbert Pujols
93.8%
2014 HRVictor Martinez
93.8%
2014 SBLeonys Martin
93.8%
2013 HRAdam Jones
93.8%
2013 SBLeonys Martin
93.8%
2011 HRAlbert Pujols
93.8%
2010 HRAlbert Pujols
93.8%
2009 HRAlbert Pujols
93.8%
2008 HRAlbert Pujols
93.8%
2006 HRAlbert Pujols
93.8%
2006 HRAndruw Jones
93.8%
2005 HRAndruw Jones
93.8%
2005 HRAlbert Pujols
93.8%
2017 HRJ.D. Martinez
93.8%
2018 HRJ.D. Martinez
93.8%
2015 HRJose Bautista
92.2%
2014 HRJose Bautista
92.2%
2011 HRJose Bautista
92.2%
2010 HRJose Bautista
92.2%
2007 HRAlex Rodriguez
92.2%
2005 HRAlex Rodriguez
92.2%
2015 SBBilly Hamilton
90.6%
2014 SBBilly Hamilton
90.6%
2013 HRMiguel Cabrera
90.6%
2013 SBEverth Cabrera
90.6%
2012 HRMiguel Cabrera
90.6%
2012 HRJosh Hamilton
90.6%
2012 SBEverth Cabrera
90.6%
2011 HRRyan Howard
90.6%
2010 HRMiguel Cabrera
90.6%
2010 HRJosh Hamilton
90.6%
2009 HRRyan Howard
90.6%
2008 HRRyan Howard
90.6%
2008 HRMiguel Cabrera
90.6%
2008 HRManny Ramirez
90.6%
2007 HRRyan Howard
90.6%
2007 HRMiguel Cabrera
90.6%
2007 SBHanley Ramirez
90.6%
2006 HRRyan Howard
90.6%
2006 SBHanley Ramirez
90.6%
2005 HRManny Ramirez
90.6%
2016 SBBilly Hamilton
90.6%
2017 SBBilly Hamilton
90.6%
2018 SBJose Ramirez
90.6%
2018 SBBilly Hamilton
90.6%
2018 HRJose Ramirez
90.6%
2015 HRNelson Cruz
89.1%
2015 HREdwin Encarnacion
89.1%
2014 HRNelson Cruz
89.1%
2014 HRDavid Ortiz
89.1%
2014 HREdwin Encarnacion
89.1%
2013 HREdwin Encarnacion
89.1%
2012 HREdwin Encarnacion
89.1%
2012 SBJose Reyes
89.1%
2011 SBJose Reyes
89.1%
2010 HRDavid Ortiz
89.1%
2008 SBJose Reyes
89.1%
2007 HRDavid Ortiz
89.1%
2007 SBJose Reyes
89.1%
2006 HRDavid Ortiz
89.1%
2006 SBJose Reyes
89.1%
2005 HRDavid Ortiz
89.1%
2005 SBJose Reyes
89.1%
2016 HREdwin Encarnacion
89.1%
2016 HRNelson Cruz
89.1%
2017 HRNelson Cruz
89.1%
2017 HREdwin Encarnacion
89.1%
2018 HRNelson Cruz
89.1%
2015 HRNolan Arenado
87.5%
2014 SBJacoby Ellsbury
87.5%
2013 SBJacoby Ellsbury
87.5%
2011 SBJacoby Ellsbury
87.5%
2009 SBJacoby Ellsbury
87.5%
2008 SBJacoby Ellsbury
87.5%
2016 HRNolan Arenado
87.5%
2018 HRNolan Arenado
87.5%
2015 HRMike Trout
85.9%
2015 HRCarlos Gonzalez
85.9%
2014 HRMike Trout
85.9%
2013 HRPaul Goldschmidt
85.9%
2012 SBMike Trout
85.9%
Year Player % Correct
2010 HRCarlos Gonzalez
85.9%
2008 HRAdrian Gonzalez
85.9%
2009 HRAdrian Gonzalez
85.9%
2016 SBPaul Goldschmidt
85.9%
2016 SBMike Trout
85.9%
2018 HRMike Trout
85.9%
2015 HRBryce Harper
84.4%
2012 HRRyan Braun
84.4%
2011 HRRyan Braun
84.4%
2009 SBJimmy Rollins
84.4%
2008 HRRyan Braun
84.4%
2008 SBJimmy Rollins
84.4%
2007 HRRyan Braun
84.4%
2007 SBJimmy Rollins
84.4%
2005 HRDerrek Lee
84.4%
2005 SBJimmy Rollins
84.4%
2012 HRAdrian Beltre
82.8%
2010 HRJoey Votto
82.8%
2015 SBDee Gordon
81.3%
2014 SBDee Gordon
81.3%
2010 SBMelvin Upton
81.3%
2009 HRCarlos Pena
81.3%
2009 SBMelvin Upton
81.3%
2008 SBMelvin Upton
81.3%
2007 HRCarlos Pena
81.3%
2016 SBDee Gordon
81.3%
2017 SBDee Gordon
81.3%
2018 SBDee Gordon
81.3%
2013 HRAdam Dunn
79.7%
2013 HRMark Trumbo
79.7%
2012 HRCurtis Granderson
79.7%
2012 HRAdam Dunn
79.7%
2011 HRCurtis Granderson
79.7%
2011 HRPrince Fielder
79.7%
2010 HRAdam Dunn
79.7%
2010 HRPrince Fielder
79.7%
2010 SBCarl Crawford
79.7%
2009 HRPrince Fielder
79.7%
2009 HRAdam Dunn
79.7%
2009 SBCarl Crawford
79.7%
2008 HRAdam Dunn
79.7%
2007 HRPrince Fielder
79.7%
2007 HRAdam Dunn
79.7%
2007 HRJim Thome
79.7%
2007 SBCarl Crawford
79.7%
2006 HRJim Thome
79.7%
2006 HRCarlos Beltran
79.7%
2006 SBCarl Crawford
79.7%
2005 HRAdam Dunn
79.7%
2005 SBCarl Crawford
79.7%
2016 HRMark Trumbo
79.7%
2016 HRRobinson Cano
79.7%
2013 HREvan Longoria
78.1%
2011 HRMark Teixeira
78.1%
2011 SBBrett Gardner
78.1%
2010 HRPaul Konerko
78.1%
2010 HRMark Teixeira
78.1%
2010 SBBrett Gardner
78.1%
2009 HRMark Teixeira
78.1%
2005 HRMark Teixeira
78.1%
2005 HRPaul Konerko
78.1%
2015 SBJose Altuve
76.6%
2014 SBJose Altuve
76.6%
2016 SBTrea Turner
76.6%
2016 SBJose Altuve
76.6%
2017 SBJose Altuve
76.6%
2017 SBTrea Turner
76.6%
2018 SBTrea Turner
76.6%
2007 HRMatt Holliday
75%
2015 SBCharlie Blackmon
73.4%
2014 HRJose Abreu
73.4%
2014 HRAnthony Rizzo
73.4%
2012 HRJay Bruce
73.4%
2018 SBMookie Betts
73.4%
2015 HRJosh Donaldson
71.9%
2013 HRAlfonso Soriano
71.9%
2008 HRCarlos Delgado
71.9%
2006 HRAlfonso Soriano
71.9%
2006 SBAlfonso Soriano
71.9%
2016 HRKris Bryant
71.9%
2012 SBJuan Pierre
70.3%
2010 SBJuan Pierre
70.3%
2008 SBJuan Pierre
70.3%
2007 HRLance Berkman
70.3%
2007 SBJuan Pierre
70.3%
2006 HRLance Berkman
70.3%
2006 SBJuan Pierre
70.3%
2005 SBJuan Pierre
70.3%
2011 SBIchiro Suzuki
68.8%
2010 SBIchiro Suzuki
68.8%
2008 SBIchiro Suzuki
68.8%
2007 SBIchiro Suzuki
68.8%
2006 SBIchiro Suzuki
68.8%
2013 SBEric Young
67.2%
2006 HRJermaine Dye
67.2%
2018 SBMallex Smith
67.2%
2018 HRManny Machado
67.2%
2015 SBStarling Marte
65.6%
2013 SBStarling Marte
65.6%
Year Player % Correct
2011 HRMatt Kemp
65.6%
2011 HRMark Reynolds
65.6%
2011 SBMatt Kemp
65.6%
2010 HRMark Reynolds
65.6%
2009 HRMark Reynolds
65.6%
2009 HRJayson Werth
65.6%
2009 SBMatt Kemp
65.6%
2006 HRTravis Hafner
65.6%
2016 SBStarling Marte
65.6%
2018 SBStarling Marte
65.6%
2014 HRChris Carter
64.1%
2010 SBScott Podsednik
64.1%
2005 SBScott Podsednik
64.1%
2016 HRChris Carter
64.1%
2018 HRFrancisco Lindor
64.1%
2014 SBCarlos Gomez
62.5%
2013 SBCarlos Gomez
62.5%
2012 SBCarlos Gomez
62.5%
2011 HRDan Uggla
62.5%
2010 HRDan Uggla
62.5%
2008 SBGrady Sizemore
62.5%
2017 HRCody Bellinger
62.5%
2015 SBA.J. Pollock
60.9%
2008 SBBrian Roberts
60.9%
2007 SBBrian Roberts
60.9%
2006 SBDave Roberts
60.9%
2016 SBHernan Perez
60.9%
2016 HRBrian Dozier
60.9%
2017 HRJoey Gallo
60.9%
2018 HRJoey Gallo
60.9%
2015 SBLorenzo Cain
59.4%
2013 HRPedro Alvarez
59.4%
2013 SBElvis Andrus
59.4%
2009 SBElvis Andrus
59.4%
2009 SBIan Kinsler
59.4%
2018 SBLorenzo Cain
59.4%
2015 SBGregory Polanco
57.8%
2009 HRJason Bay
57.8%
2009 HRAaron Hill
57.8%
2017 HRMike Moustakas
57.8%
2012 SBMichael Bourn
56.3%
2011 SBMichael Bourn
56.3%
2010 SBMichael Bourn
56.3%
2010 SBChone Figgins
56.3%
2009 SBMichael Bourn
56.3%
2009 SBChone Figgins
56.3%
2008 SBMichael Bourn
56.3%
2007 SBChone Figgins
56.3%
2006 SBChone Figgins
56.3%
2005 SBChone Figgins
56.3%
2016 HRTodd Frazier
56.3%
2018 HRTrevor Story
56.3%
2014 SBAlcides Escobar
54.7%
2008 HRRyan Ludwick
54.7%
2013 SBJean Segura
51.6%
2012 HRJosh Willingham
51.6%
2012 SBCoco Crisp
51.6%
2012 SBShane Victorino
51.6%
2011 SBCoco Crisp
51.6%
2007 SBShane Victorino
51.6%
2016 SBJonathan Villar
51.6%
2016 SBJean Segura
51.6%
2017 SBWhit Merrifield
51.6%
2018 SBWhit Merrifield
51.6%
2018 SBJonathan Villar
51.6%
2017 HRLogan Morrison
50%
2014 SBDenard Span
48.4%
2006 SBFelipe Lopez
48.4%
2005 SBRafael Furcal
48.4%
2008 SBWilly Taveras
46.9%
2005 HRRichie Sexson
46.9%
2005 SBWilly Taveras
46.9%
2015 SBJarrod Dyson
45.3%
2014 SBJarrod Dyson
45.3%
2013 SBAlex Rios
45.3%
2016 SBJarrod Dyson
45.3%
2017 SBJarrod Dyson
45.3%
2017 HRJustin Smoak
45.3%
2008 HRCarlos Quentin
43.8%
2007 SBEric Byrnes
42.2%
2015 SBBen Revere
40.6%
2014 SBBen Revere
40.6%
2012 SBBen Revere
40.6%
2010 SBAngel Pagan
40.6%
2009 SBNyjer Morgan
37.5%
2011 SBEmilio Bonifacio
35.9%
2007 SBCorey Patterson
35.9%
2006 SBCorey Patterson
35.9%
2016 SBEduardo Nunez
35.9%
2017 SBByron Buxton
35.9%
2011 SBCameron Maybin
34.4%
2005 SBJulio Lugo
34.4%
2017 SBCameron Maybin
34.4%
2005 SBRyan Freel
32.8%
2011 SBDrew Stubbs
31.3%
2015 SBBilly Burns
29.7%
2016 SBTravis Jankowski
29.7%
2017 SBDelino DeShields
28.1%
2018 SBAdalberto Mondesi
23.4%

You're not logged in!

Compare scores with friends on all Sporcle quizzes.
OR
Log In

You Might Also Like...

Show Comments

Extras

Top Quizzes Today


Score Distribution

Your Account Isn't Verified!

In order to create a playlist on Sporcle, you need to verify the email address you used during registration. Go to your Sporcle Settings to finish the process.

Report this User

Report this user for behavior that violates our Community Guidelines.

Details: